000 00435nam a2200157 i 4500
001 25003
003 ES-MaACL
005 20230906153158.0
007 t|
008 021219s1897 sp ||||1| spa d
100 1 _aApraiz, Julián (
_d1848-1910)
_922123
245 1 4 _aLos Ysunzas de Vitoria /
_cJulián Apraiz.
260 _aBilbao :
_b[s.n.],
_c1897 (
_fMüller y Zavaleta)
300 _a214 p. ;
_c19 cm.
852 _aES-MaACL
_jD-2476
999 _c25003
_d25003